Cecil. Textbook of Medicine / (Registro nro. 593)

Detalles MARC
000 -LEADER
fixed length control field 02273cam a2200613 a 4500
005 - FECHA ULTIMA MODIFICACION
control field 20240214134326.0
008 - CAMPO DE CONTROL (LIBRO)
fixed length control field 100810s2004||||xxua | |||| 00| 0 eng d
020 ## - INTERNATIONAL STANDARD BOOK NUMBER
ISBN 0808922920
041 ## - CODIGO DE IDIOMA
Código de idioma del texto/pista de sonido o título separado eng
092 ## - SIGNATURA TOPOGRAFICA DEWEY LOCAL
número de clasificación 616
libristica 30
sección GOL
100 1# - ENTRADA PRINCIPAL--NOMBRE PERSONAL
Nombre personal Goldman, Lee.
9 (RLIN) 856
Función Editor
245 ## - TITULO PROPIAMENTE DICHO
Título Cecil. Textbook of Medicine /
Mención de responsabilidad y remanente de la transcripción de la portada Lee Goldman.
250 ## - MENCION DE EDICION
Mención de edición 22a ed. International edition
260 ## - PIE DE IMPRENTA
Lugar de publicación, distribución, etc Philadelphia:
Nombre de la editorial, distribuidor, etc Saunders;
Fecha de publicación 2004.
300 ## - DESCRIPCION FISICA
Extension 2506 p.
Material complementario Includes bibliographical references and index
500 ## - NOTA GENERAL
Nota general Goldman, L. et al. (2004). Cecil. Textbook of Medicine. (22a ed.). Philadelphia : Saunders.
653 ## - TÉRMINO INDIZADO - PALABRAS CLAVES
Palabra clave Social and ethical issues in medicine
653 ## - TÉRMINO INDIZADO - PALABRAS CLAVES
Palabra clave Principles of evaluaction and management
653 ## - TÉRMINO INDIZADO - PALABRAS CLAVES
Palabra clave Preventive amd environmetnal medicine
653 ## - TÉRMINO INDIZADO - PALABRAS CLAVES
Palabra clave Aging and geriatric medicine
653 ## - TÉRMINO INDIZADO - PALABRAS CLAVES
Palabra clave Clinical pharmacology
653 ## - TÉRMINO INDIZADO - PALABRAS CLAVES
Palabra clave Genetics
653 ## - TÉRMINO INDIZADO - PALABRAS CLAVES
Palabra clave Principles of immunology and inflammation
653 ## - TÉRMINO INDIZADO - PALABRAS CLAVES
Palabra clave Cardiovascular disease
653 ## - TÉRMINO INDIZADO - PALABRAS CLAVES
Palabra clave Respiratoy diseases
653 ## - TÉRMINO INDIZADO - PALABRAS CLAVES
Palabra clave Critical care medicine
653 ## - TÉRMINO INDIZADO - PALABRAS CLAVES
Palabra clave Renal and genitourinary diseases
653 ## - TÉRMINO INDIZADO - PALABRAS CLAVES
Palabra clave Gastrointestinal diseases
653 ## - TÉRMINO INDIZADO - PALABRAS CLAVES
Palabra clave Diseases of the liver, gallbladder, and bile ducts
653 ## - TÉRMINO INDIZADO - PALABRAS CLAVES
Palabra clave Hematologic diseases
653 ## - TÉRMINO INDIZADO - PALABRAS CLAVES
Palabra clave Oncology
653 ## - TÉRMINO INDIZADO - PALABRAS CLAVES
Palabra clave Metabolics diseases
653 ## - TÉRMINO INDIZADO - PALABRAS CLAVES
Palabra clave Nutritional diseases
653 ## - TÉRMINO INDIZADO - PALABRAS CLAVES
Palabra clave Endocrine diseases
653 ## - TÉRMINO INDIZADO - PALABRAS CLAVES
Palabra clave Womwn's health
653 ## - TÉRMINO INDIZADO - PALABRAS CLAVES
Palabra clave Diseases of bone and mineral metabolism
653 ## - TÉRMINO INDIZADO - PALABRAS CLAVES
Palabra clave Diseases of allergy and clinical immunology
653 ## - TÉRMINO INDIZADO - PALABRAS CLAVES
Palabra clave Rheumatic diseases
653 ## - TÉRMINO INDIZADO - PALABRAS CLAVES
Palabra clave Infectious diseases
653 ## - TÉRMINO INDIZADO - PALABRAS CLAVES
Palabra clave HIV and the acquired immunodeficiency syndrome
653 ## - TÉRMINO INDIZADO - PALABRAS CLAVES
Palabra clave Eye, ear, nose, and throat diseases
653 ## - TÉRMINO INDIZADO - PALABRAS CLAVES
Palabra clave Skin diseases
653 ## - TÉRMINO INDIZADO - PALABRAS CLAVES
Palabra clave Reference intervals and laboratory values
700 1# - ENTRADAS SECUNDARIAS - NOMBRE PERSONAL
Nombre personal Ausiello, Dennis.
9 (RLIN) 857
Función Editor
700 1# - ENTRADAS SECUNDARIAS - NOMBRE PERSONAL
Nombre personal Arend, William P,
Función Editor asociado
9 (RLIN) 858
700 1# - ENTRADAS SECUNDARIAS - NOMBRE PERSONAL
Nombre personal Drazen, Jeffrey M,
Función Editor asociado
9 (RLIN) 859
700 1# - ENTRADAS SECUNDARIAS - NOMBRE PERSONAL
Nombre personal Armitage, James O,
Función Editor asociado
9 (RLIN) 860
700 1# - ENTRADAS SECUNDARIAS - NOMBRE PERSONAL
Nombre personal Gill, Gordon N,
Función Editor asociado
9 (RLIN) 861
700 1# - ENTRADAS SECUNDARIAS - NOMBRE PERSONAL
Nombre personal Griggs, Robert C,
Función Editor asociado
9 (RLIN) 862
700 1# - ENTRADAS SECUNDARIAS - NOMBRE PERSONAL
Nombre personal Powell, Don W,
Función Editor asociado
9 (RLIN) 863
700 1# - ENTRADAS SECUNDARIAS - NOMBRE PERSONAL
Nombre personal Scheld, W. Michael,
Función Editor asociado
9 (RLIN) 864
930 ## - NUMERO DE INVENTARIO
Número de inventario 1049
942 ## - ADDED ENTRY ELEMENTS (KOHA)
Source of classification or shelving scheme Dewey Decimal Classification
Item type Libros
Existencias
Estado de retiro Existencia Fuente de clasificación Estado general No para prestamo Colección Ubicación permanente ubicación actual Sala de ubicación Fecha de adquisición Total Checkouts Número de clasificación Código de barras Date last seen Número de ejemplar Price effective from Koha tipo de elemento (item) Public note Coded location qualifier
    Dewey Decimal Classification     Reference Biblioteca Medicina Biblioteca Medicina Referencia 13/05/2011   616 30 GOL 1049 06/11/2014 ej.1 13/05/2011 Reference LIBRO DE CONSULTA. Hemeroteca 2022  

UNIVERSIDAD NACIONAL DEL COMAHUE
Biblioteca de la Facultad de Ciencias Médicas
Sede Toschi: Los Arrayanes y Av. Toschi, Cipolletti  - Rio Negro
Sede Los Tordos:  Yrigoyen al 2211, Cipolletti - Rio Negro 

Teléfono: 0299 - 4774707 int 25
Contacto: biblioteca@facimed.uncoma.edu.ar
© 2011 - 2026